000 03283ngm a2200493 4500
003 dpl
005 20100304120332.0
007 ta
008 ||||||sp199 xxu|||||c ||| 00| 0 ng d
010 _aDVD-005865-5872 & DVD-006810
024 _aDHIF1550S/1551S
_c99.00
035 _aDVD-005865-5872
035 _aDVD-006810
040 _aDPL
_cDPL
082 _aDVD GOLM
245 _aGolmaal Returns & Golmaal (2in1)
_cShree Ashtavinayak Cine Vision Presents
_h[videorecording] DVD/
260 _bMoserbaer Entertainment
300 _a2 videodisc DVD;
_bsd., col. ;
_c4 3/4 in.
_fDVD
440 _aMoserbaer Home Entertainment
500 _aMoserbaer India Ltd. has obtained the necessary license/consent from the owner of the copyright in the wroks for making this DVD Film.
538 _aDolby Digital 5.1 - Hindi Subtitles: English
538 _aThis DVD can be played back on DVD Players, multimedia systems & PC with MPEG card interactive with version 2.0 players.
650 _aMotion Picture
700 _aShetty, Rohit
700 _aPritam
700 _aSameer
700 _aDevgan, Ajay
700 _aKapoor, Karina
700 _aWarsi, Arshad
700 _aKapoor, Tushar
700 _aTalpade, Shreyas
942 _cCF
_2ddc
_hDVD
_mGOLM
999 _c34390
_d34390